000 01076cab a2200181 4500
001 ##L131215
008 050727n2005 000 0 eng u
035 _a(Sirsi) u131215
041 0 _aeng
100 1 _aPullan, James
245 0 0 _aOf more than academic interest
260 _c2005
490 0 _aProperty Forecast
_v8(9) September 2005, 2-3(2)
520 _aLooks at the growth of purpose built commercial halls of residence for students. With a fall in the amount of university owned student accommodation, an increase in student numbers, and new legislation affecting traditional student shared housing, there has been an increase in the number of commercially operated beds within purpose built student halls of residence. As a result the author claims that the student accommodation sector has become an asset class in its own right. Tables and graphs outline growth in student population and student market saturation in main UK university cities.
590 _aIKA111005
690 _aPROPERTY-RESIDENTIAL PROPERTY-COMMUNAL RESIDENTIAL PROPERTY
942 _n0
999 _c104686
_d104686